| 000 | 00521 a2200133 4500 | ||
|---|---|---|---|
| 003 | NUST | ||
| 082 | _a200 | ||
| 100 |
_aMuhammad Waseem Hassan. _9126568 |
||
| 245 |
_aData conversion within homogeneous and heterogeneous sources and their accessibility in a wide-area-network / _cMuhammad Waseem Hassan. |
||
| 260 |
_aBristol : _bUniversity of the West of England, _c2003. |
||
| 300 |
_a144 p. : _bill. ; _c27 cm. + _eCD-ROM. |
||
| 500 | _aSupervisors: Dr. Richard McClatchey, Dr. Arshad Ali, Dr. Ian Willers. | ||
| 942 |
_cTHE _2ddc |
||
| 999 |
_c9216 _d9216 |
||